Cronicas del tango alegre /
Guardado en:
| Autor Principal: | |
|---|---|
| Formato: | Libro |
| Publicado: |
Buenos Aires :
Centro Editor De America Latina,
1972
|
| Series: | La Historia Popular, 95
|
| Materias: | |
| Etiquetas: |
Agregar Etiqueta
Sin Etiquetas, Sea el primero en etiquetar este registro!
|
| LEADER | 00514nam a22001695a 4500 | ||
|---|---|---|---|
| 001 | EHU.bham006621 | ||
| 003 | AR-BHAM | ||
| 005 | 20090702135525.0 | ||
| 008 | 130507s1972##################000#0#####d | ||
| 082 | 7 | 8 | |a 784.61 |
| 100 | 1 | |a Briand, Rene | |
| 245 | 1 | 0 | |a Cronicas del tango alegre / |c Rene Briand. |
| 260 | |a Buenos Aires : |b Centro Editor De America Latina, |c 1972 | ||
| 300 | |a 112 p. | ||
| 490 | 0 | |a La Historia Popular, 95 | |
| 653 | |a Canciones populares | ||
| 859 | |a AR-BHAM |b BIB. HUMANIDADES - General |h 784.61 |i B76 |p 604.74 |t Ej.1 | ||
